[Event "Niedersachsen-ch U16"]
[Site "Rotenburg"]
[Date "2013.03.28"]
[Round "8"]
[White "Grosser, Thomas"]
[Black "Tschirner, Tom Luca"]
[Result "0-1"]
[WhiteElo "1489"]
[BlackElo "1407"]
[PlyCount "92"]
[EventDate "2013.03.23"]
[EventType "swiss"]
[EventRounds "9"]
[EventCountry "GER"]
[SourceTitle "EXT 2015"]
[Source "ChessBase"]
[SourceDate "2014.11.20"]
[SourceVersion "1"]
[SourceVersionDate "2014.11.20"]
[SourceQuality "1"]

1. Nf3 Nf6 2. b3 e6 3. Bb2 d5 4. e3 c5 5. c4 Nc6 6. d4 cxd4 7. Nxd4 Bb4+ 8. Nc3 Ne4 9. Rc1 Qa5 10. Nxc6 bxc6 11. Qc2 Qxa2 12. Bd3 Bxc3+ 13. Bxc3 Qxc2 14. Rxc2 Nxc3 15. Rxc3 0-0 16. c5 Bd7 17. 0-0 e5 18. b4 Rfb8 19. Rb3 a5 20. Rfb1 axb4 21. Rxb4 Rxb4 22. Rxb4 e4 23. Bf1 Kf8 24. Rb1 Ke7 25. Be2 Ra5 26. Rc1 f5 27. h4 Kf6 28. Kf1 Ra4 29. Ke1 d4 30. exd4 Rxd4 31. Ba6 Ke5 32. Ke2 f4 33. g3 Bg4+ 34. Ke1 f3 35. Bb7 Kd5 36. Ba6 Ra4 37. Bf1 Bc8 38. Kd2 Ba6 39. Bxa6 Rxa6 40. Ke3 Ke5 41. Rc2 Ra3+ 42. Kd2 Kd4 43. Ke1 e3 44. fxe3+ Kxe3 45. Rc1 f2+ 46. Kf1 Kf3 0-1